[Event "European Youth Chess Championship B14"]
[Site "Prague, Top Hotel Prague"]
[Date "2012.08.22"]
[Round "6.1"]
[White "Duda, Jan-Krzysztof"]
[Black "Artemiev, Vladislav"]
[Result "1-0"]
[WhiteElo "2411"]
[BlackElo "2476"]
[PlyCount "0"]
[EventDate "2012.08.17"]

1. e4 {[%clk 1:30:59]} c5 {[%clk 1:30:55]} 2. Nf3 {[%clk 1:31:24]} d6
{[%clk 1:31:20]} 3. d4 {[%clk 1:31:49]} cxd4 {[%clk 1:31:46]} 4. Nxd4
{[%clk 1:32:15]} Nf6 {[%clk 1:32:10]} 5. Nc3 {[%clk 1:32:39]} a6 {[%clk 1:32:36]}
6. Be2 {[%clk 1:33:05]} e6 {[%clk 1:33:01]} 7. O-O {[%clk 1:33:27]} Qc7
{[%clk 1:33:29]} 8. f4 {[%clk 1:33:24]} Nc6 {[%clk 1:33:54]} 9. Be3
{[%clk 1:33:25]} Be7 {[%clk 1:34:20]} 10. Kh1 {[%clk 1:33:05]} O-O
{[%clk 1:34:38]} 11. Qe1 {[%clk 1:31:59]} Nxd4 {[%clk 1:34:48]} 12. Bxd4
{[%clk 1:32:23]} b5 {[%clk 1:35:05]} 13. a3 {[%clk 1:32:23]} Bb7 {[%clk 1:35:25]}
14. Qg3 {[%clk 1:32:39]} Rad8 {[%clk 1:32:09]} 15. Rae1 {[%clk 1:31:36]} Rd7
{[%clk 1:31:32]} 16. Bd3 {[%clk 1:29:22]} Re8 {[%clk 1:25:34]} 17. Rf3
{[%clk 1:26:23]} g6 {[%clk 1:10:34]} 18. f5 {[%clk 1:16:18]} Nh5 {[%clk 1:03:21]}
19. Qg4 {[%clk 1:14:21]} Bd8 {[%clk 0:49:33]} 20. fxg6 {[%clk 1:03:15]} fxg6
{[%clk 0:48:26]} 21. Ref1 {[%clk 1:01:38]} Ng7 {[%clk 0:45:11]} 22. Qf4
{[%clk 0:55:36]} Nf5 {[%clk 0:41:14]} 23. exf5 {[%clk 0:47:17]} e5
{[%clk 0:41:40]} 24. Qe3 {[%clk 0:46:01]} Bxf3 {[%clk 0:41:58]} 25. Qxf3
{[%clk 0:43:21]} exd4 {[%clk 0:42:22]} 26. Nd5 {[%clk 0:43:34]} Qa7
{[%clk 0:34:54]} 27. fxg6 {[%clk 0:41:12]} h6 {[%clk 0:33:22]} 28. Bf5
{[%clk 0:38:51]} Rde7 {[%clk 0:33:08]} 29. Nf6+ {[%clk 0:34:50]} Kg7
{[%clk 0:32:26]} 30. Nh5+ {[%clk 0:32:06]} Kg8 {[%clk 0:31:07]} 31. Qb3+
{[%clk 0:23:52]} Kh8 {[%clk 0:31:20]} 32. Be6 {[%clk 0:23:57]} Qc5
{[%clk 0:30:57]} 33. g7+ {[%clk 0:22:18]} Rxg7 {[%clk 0:31:14]} 34. Nxg7
{[%clk 0:22:43]} Kxg7 {[%clk 0:31:29]} 35. Rf7+ {[%clk 0:23:02]} Kh8
{[%clk 0:31:41]} 36. Qd3 {[%clk 0:23:17]} 1-0

[Event "European Youth Chess Championship B14"]
[Site "Prague, Top Hotel Prague"]
[Date "2012.08.22"]
[Round "6.2"]
[White "Sanal, Vahap"]
[Black "Gajek, Radoslaw"]
[Result "0-1"]
[WhiteElo "2387"]
[BlackElo "2200"]
[PlyCount "0"]
[EventDate "2012.08.17"]

1. e4 {[%clk 1:30:26]} c5 {[%clk 1:30:57]} 2. Nf3 {[%clk 1:30:23]} d6
{[%clk 1:31:24]} 3. d4 {[%clk 1:30:05]} cxd4 {[%clk 1:31:51]} 4. Nxd4
{[%clk 1:30:24]} Nf6 {[%clk 1:32:18]} 5. Nc3 {[%clk 1:30:06]} a6 {[%clk 1:32:46]}
6. Be2 {[%clk 1:30:07]} e6 {[%clk 1:32:39]} 7. O-O {[%clk 1:30:08]} Nc6
{[%clk 1:32:43]} 8. a4 {[%clk 1:29:25]} Be7 {[%clk 1:31:13]} 9. Nb3
{[%clk 1:29:21]} O-O {[%clk 1:27:18]} 10. Be3 {[%clk 1:28:56]} Bd7
{[%clk 1:22:56]} 11. a5 {[%clk 1:28:30]} Rc8 {[%clk 1:21:30]} 12. Bb6
{[%clk 1:14:51]} Qe8 {[%clk 1:21:23]} 13. Rc1 {[%clk 1:11:50]} Ne5
{[%clk 1:18:44]} 14. Qd4 {[%clk 0:58:11]} Bc6 {[%clk 1:14:22]} 15. Qe3
{[%clk 0:49:00]} Ned7 {[%clk 1:12:00]} 16. Ba7 {[%clk 0:48:49]} Bd8
{[%clk 0:55:35]} 17. Rcd1 {[%clk 0:47:44]} Bc7 {[%clk 0:52:14]} 18. f4
{[%clk 0:44:08]} Ra8 {[%clk 0:39:01]} 19. Bb6 {[%clk 0:43:12]} Nxb6
{[%clk 0:36:42]} 20. axb6 {[%clk 0:43:31]} Bd8 {[%clk 0:36:30]} 21. Rxd6
{[%clk 0:33:27]} Nd7 {[%clk 0:36:20]} 22. Kh1 {[%clk 0:30:12]} Bxb6
{[%clk 0:35:59]} 23. Qg3 {[%clk 0:28:42]} Nc5 {[%clk 0:33:17]} 24. e5
{[%clk 0:27:42]} Nxb3 {[%clk 0:32:39]} 25. cxb3 {[%clk 0:27:55]} Bc7
{[%clk 0:31:17]} 26. Rdd1 {[%clk 0:26:44]} f6 {[%clk 0:29:39]} 27. Bd3
{[%clk 0:12:15]} Qh5 {[%clk 0:25:04]} 28. exf6 {[%clk 0:08:17]} Rxf6
{[%clk 0:24:14]} 29. Be4 {[%clk 0:05:13]} Bxe4 {[%clk 0:15:39]} 30. Nxe4
{[%clk 0:05:41]} Rxf4 {[%clk 0:15:37]} 31. Rg1 {[%clk 0:05:50]} Be5
{[%clk 0:15:13]} 32. Ng5 {[%clk 0:02:52]} Rf5 {[%clk 0:14:50]} 0-1

[Event "European Youth Chess Championship B14"]
[Site "Prague, Top Hotel Prague"]
[Date "2012.08.22"]
[Round "6.3"]
[White "Korpa, Bence"]
[Black "Ali Marandi, Cemil Can"]
[Result "1/2-1/2"]
[WhiteElo "2317"]
[BlackElo "2362"]
[PlyCount "0"]
[EventDate "2012.08.17"]

1. e4 {[%clk 1:30:57]} e6 {[%clk 1:30:40]} 2. d4 {[%clk 1:31:17]} d5
{[%clk 1:31:02]} 3. Nc3 {[%clk 1:31:40]} Nc6 {[%clk 1:31:16]} 4. Nf3
{[%clk 1:24:28]} Nf6 {[%clk 1:30:58]} 5. exd5 {[%clk 1:23:05]} exd5
{[%clk 1:30:38]} 6. Bb5 {[%clk 1:22:50]} a6 {[%clk 1:17:25]} 7. Bxc6+
{[%clk 1:20:43]} bxc6 {[%clk 1:17:44]} 8. O-O {[%clk 1:19:44]} Be7
{[%clk 1:17:36]} 9. Ne5 {[%clk 1:15:06]} Bb7 {[%clk 1:17:23]} 10. Bg5
{[%clk 1:06:56]} O-O {[%clk 1:14:29]} 11. Na4 {[%clk 1:05:29]} h6
{[%clk 1:02:04]} 12. Bxf6 {[%clk 1:04:20]} Bxf6 {[%clk 1:02:31]} 13. Nc5
{[%clk 1:03:48]} Bc8 {[%clk 0:54:22]} 14. f4 {[%clk 0:50:15]} Qd6
{[%clk 0:53:24]} 15. Qd3 {[%clk 0:48:18]} Rb8 {[%clk 0:46:22]} 16. b3
{[%clk 0:46:31]} g6 {[%clk 0:39:22]} 17. c3 {[%clk 0:41:58]} a5 {[%clk 0:37:27]}
18. g4 {[%clk 0:31:56]} Rb5 {[%clk 0:30:24]} 19. Qe3 {[%clk 0:27:16]} Re8
{[%clk 0:29:28]} 20. a4 {[%clk 0:26:16]} Rb8 {[%clk 0:27:17]} 21. Qg3
{[%clk 0:23:47]} Bg7 {[%clk 0:24:39]} 22. Rae1 {[%clk 0:22:01]} Rd8
{[%clk 0:22:48]} 23. Kh1 {[%clk 0:20:57]} Bf8 {[%clk 0:18:39]} 24. Qh4
{[%clk 0:13:31]} Re8 {[%clk 0:15:41]} 25. f5 {[%clk 0:12:23]} g5 {[%clk 0:15:02]}
26. Qh5 {[%clk 0:11:42]} Qf6 {[%clk 0:14:40]} 27. Ned7 {[%clk 0:10:42]} Bxd7
{[%clk 0:15:07]} 28. Nxd7 {[%clk 0:11:03]} Qd6 {[%clk 0:15:27]} 29. Nxb8
{[%clk 0:11:03]} Rxb8 {[%clk 0:15:54]} 30. f6 {[%clk 0:08:52]} Qd7
{[%clk 0:11:26]} 31. h4 {[%clk 0:07:22]} gxh4 {[%clk 0:09:28]} 32. Qf5
{[%clk 0:07:36]} Qxf5 {[%clk 0:08:53]} 33. gxf5 {[%clk 0:07:25]} Bd6
{[%clk 0:08:33]} 34. Rb1 {[%clk 0:05:32]} c5 {[%clk 0:07:29]} 35. dxc5
{[%clk 0:05:25]} Be5 {[%clk 0:07:25]} 36. b4 {[%clk 0:05:23]} Bxc3
{[%clk 0:07:41]} 37. bxa5 {[%clk 0:03:22]} Ra8 {[%clk 0:08:10]} 38. Rb7
{[%clk 0:02:43]} Bxa5 {[%clk 0:07:51]} 39. Rd1 {[%clk 0:02:19]} Bc3
{[%clk 0:07:19]} 40. Rxd5 {[%clk 0:32:08]} Bxf6 {[%clk 0:37:25]} 41. Rb4
{[%clk 0:28:20]} Re8 {[%clk 0:33:45]} 42. Rg4+ {[%clk 0:23:55]} Kf8
{[%clk 0:33:53]} 43. Rd3 {[%clk 0:19:15]} h5 {[%clk 0:32:50]} 44. Rf4
{[%clk 0:12:53]} Re1+ {[%clk 0:29:14]} 45. Kg2 {[%clk 0:13:09]} Ra1
{[%clk 0:29:28]} 46. Re4 {[%clk 0:12:12]} Kg7 {[%clk 0:28:27]} 47. c6
{[%clk 0:06:21]} Kh6 {[%clk 0:25:59]} 48. Rd7 {[%clk 0:05:43]} Ra2+
{[%clk 0:25:41]} 49. Kf3 {[%clk 0:05:48]} h3 {[%clk 0:24:16]} 50. Rd1
{[%clk 0:03:58]} Kg5 {[%clk 0:22:47]} 51. Rh1 {[%clk 0:02:43]} Ra3+
{[%clk 0:20:24]} 52. Re3 {[%clk 0:03:05]} Rxa4 {[%clk 0:20:47]} 53. Rxh3 1/2-1/2

[Event "European Youth Chess Championship B14"]
[Site "Prague, Top Hotel Prague"]
[Date "2012.08.22"]
[Round "6.6"]
[White "Kozionov, Kirill"]
[Black "Sheremet, Anton"]
[Result "1-0"]
[WhiteElo "2257"]
[BlackElo "2114"]
[PlyCount "0"]
[EventDate "2012.08.17"]

1. e4 {[%clk 1:30:53]} c5 {[%clk 1:30:51]} 2. Nf3 {[%clk 1:30:55]} g6
{[%clk 1:31:11]} 3. d4 {[%clk 1:30:50]} cxd4 {[%clk 1:31:31]} 4. Nxd4
{[%clk 1:31:03]} Nc6 {[%clk 1:31:48]} 5. c4 {[%clk 1:30:38]} Nf6 {[%clk 1:32:06]}
6. Nc3 {[%clk 1:30:34]} d6 {[%clk 1:32:22]} 7. Nc2 {[%clk 1:28:26]} Bg7
{[%clk 1:20:15]} 8. Be2 {[%clk 1:27:46]} O-O {[%clk 1:20:37]} 9. O-O
{[%clk 1:27:40]} Nd7 {[%clk 1:20:49]} 10. Bd2 {[%clk 1:26:30]} a5
{[%clk 1:21:11]} 11. Na3 {[%clk 1:24:14]} Nc5 {[%clk 1:21:10]} 12. Nab5
{[%clk 1:24:29]} Be6 {[%clk 1:15:21]} 13. Be3 {[%clk 1:12:40]} a4
{[%clk 1:12:01]} 14. Rb1 {[%clk 1:10:41]} Qa5 {[%clk 1:08:32]} 15. Nd5
{[%clk 0:52:52]} Rfc8 {[%clk 1:02:02]} 16. Bg4 {[%clk 0:34:28]} Nxe4
{[%clk 0:39:41]} 17. Bxe6 {[%clk 0:31:54]} fxe6 {[%clk 0:39:41]} 18. Nb6
{[%clk 0:31:49]} Nf6 {[%clk 0:34:03]} 19. Nxc8 {[%clk 0:30:43]} Rxc8
{[%clk 0:34:27]} 20. b3 {[%clk 0:29:28]} axb3 {[%clk 0:34:48]} 21. axb3
{[%clk 0:29:45]} Qd8 {[%clk 0:33:23]} 22. Re1 {[%clk 0:25:17]} Qd7
{[%clk 0:31:29]} 23. Bd2 {[%clk 0:22:48]} Rf8 {[%clk 0:31:18]} 24. Qe2
{[%clk 0:22:01]} e5 {[%clk 0:31:35]} 25. Be3 {[%clk 0:21:17]} Qf5
{[%clk 0:28:23]} 26. Rbd1 {[%clk 0:18:28]} h5 {[%clk 0:24:08]} 27. f3
{[%clk 0:15:46]} h4 {[%clk 0:22:14]} 28. h3 {[%clk 0:11:51]} Nh5 {[%clk 0:18:22]}
29. Qd3 {[%clk 0:11:30]} Qf6 {[%clk 0:15:31]} 30. Nc3 {[%clk 0:08:31]} Ng3
{[%clk 0:09:15]} 31. Ne4 {[%clk 0:07:21]} Qf5 {[%clk 0:09:31]} 32. Bf2
{[%clk 0:06:44]} Nh5 {[%clk 0:08:36]} 33. Nc3 {[%clk 0:04:04]} Qg5
{[%clk 0:08:45]} 34. Be3 {[%clk 0:03:44]} Nf4 {[%clk 0:09:08]} 35. Bxf4
{[%clk 0:03:51]} Rxf4 {[%clk 0:09:29]} 36. Nd5 {[%clk 0:03:34]} Rf7
{[%clk 0:09:36]} 37. Re4 {[%clk 0:02:48]} Rf5 {[%clk 0:06:11]} 38. Rg4
{[%clk 0:02:55]} Qh6 {[%clk 0:05:00]} 39. Qe4 {[%clk 0:02:53]} Kf7
{[%clk 0:05:18]} 40. Rxh4 {[%clk 0:32:20]} Qg5 {[%clk 0:35:17]} 41. Rg4
{[%clk 0:30:30]} Qh6 {[%clk 0:35:31]} 42. Rh4 {[%clk 0:27:57]} Qg5
{[%clk 0:35:55]} 43. Qg4 {[%clk 0:27:59]} Nd4 {[%clk 0:36:00]} 44. Qxg5
{[%clk 0:27:46]} Rxg5 {[%clk 0:36:22]} 45. Rd3 {[%clk 0:24:59]} e6
{[%clk 0:36:05]} 46. Nc3 {[%clk 0:24:59]} Rf5 {[%clk 0:35:38]} 47. Ne4
{[%clk 0:24:23]} Kg8 {[%clk 0:35:11]} 48. Nxd6 {[%clk 0:22:50]} Rf8
{[%clk 0:35:35]} 49. Re4 {[%clk 0:17:17]} Rd8 {[%clk 0:35:34]} 50. c5
{[%clk 0:17:26]} b6 {[%clk 0:35:32]} 51. b4 {[%clk 0:17:27]} bxc5
{[%clk 0:35:53]} 52. bxc5 {[%clk 0:17:49]} Bf8 {[%clk 0:36:16]} 53. Rxe5
{[%clk 0:16:36]} Bxd6 {[%clk 0:36:38]} 54. cxd6 {[%clk 0:16:55]} Rxd6
{[%clk 0:37:00]} 55. Kf1 {[%clk 0:16:04]} 1-0

[Event "European Youth Chess Championship B14"]
[Site "Prague, Top Hotel Prague"]
[Date "2012.08.22"]
[Round "6.7"]
[White "Grigorian, Spartak"]
[Black "Minko, Vladimir"]
[Result "0-1"]
[WhiteElo "2118"]
[BlackElo "2257"]
[PlyCount "0"]
[EventDate "2012.08.17"]
1. d4 {[%clk 1:30:52]} Nf6 {[%clk 1:30:53]} 2. c4 {[%clk 1:31:16]} c5
{[%clk 1:31:19]} 3. d5 {[%clk 1:31:41]} e6 {[%clk 1:31:43]} 4. Nc3
{[%clk 1:32:03]} exd5 {[%clk 1:32:08]} 5. cxd5 {[%clk 1:32:29]} d6
{[%clk 1:32:22]} 6. Nf3 {[%clk 1:32:42]} g6 {[%clk 1:32:35]} 7. Bf4
{[%clk 1:33:00]} a6 {[%clk 1:32:07]} 8. a4 {[%clk 1:33:04]} Bg7 {[%clk 1:32:02]}
9. h3 {[%clk 1:33:28]} O-O {[%clk 1:31:53]} 10. e3 {[%clk 1:33:50]} Ne8
{[%clk 1:30:42]} 11. Be2 {[%clk 1:33:45]} Nd7 {[%clk 1:27:00]} 12. O-O
{[%clk 1:33:23]} Qe7 {[%clk 1:26:00]} 13. Re1 {[%clk 1:31:42]} Rb8
{[%clk 1:19:01]} 14. Bf1 {[%clk 1:29:33]} Nc7 {[%clk 1:17:56]} 15. e4
{[%clk 1:27:01]} f6 {[%clk 1:14:35]} 16. Nd2 {[%clk 1:22:33]} Ne5
{[%clk 1:13:17]} 17. Bh2 {[%clk 1:18:01]} g5 {[%clk 1:07:01]} 18. Rb1
{[%clk 0:54:09]} b5 {[%clk 0:59:07]} 19. b4 {[%clk 0:53:53]} cxb4
{[%clk 0:57:31]} 20. Rxb4 {[%clk 0:51:13]} a5 {[%clk 0:46:25]} 21. Rb1
{[%clk 0:48:35]} b4 {[%clk 0:46:19]} 22. Nb5 {[%clk 0:48:58]} Nxb5
{[%clk 0:42:21]} 23. axb5 {[%clk 0:48:59]} f5 {[%clk 0:39:24]} 24. Qa4
{[%clk 0:34:24]} Ra8 {[%clk 0:32:22]} 25. Rxb4 {[%clk 0:31:15]} f4
{[%clk 0:23:48]} 26. Rb3 {[%clk 0:30:38]} h5 {[%clk 0:23:53]} 27. Nc4
{[%clk 0:24:51]} g4 {[%clk 0:21:43]} 28. Nb6 {[%clk 0:19:26]} Rb8
{[%clk 0:17:09]} 29. Nxc8 {[%clk 0:18:53]} Rbxc8 {[%clk 0:17:39]} 30. b6
{[%clk 0:10:41]} h4 {[%clk 0:14:00]} 31. hxg4 {[%clk 0:09:06]} f3
{[%clk 0:14:29]} 32. b7 {[%clk 0:07:36]} Rb8 {[%clk 0:14:58]} 33. Bxe5
{[%clk 0:05:54]} Bxe5 {[%clk 0:13:50]} 34. Ree3 {[%clk 0:05:41]} fxg2
{[%clk 0:12:30]} 35. Bxg2 {[%clk 0:05:40]} Rxb7 {[%clk 0:12:35]} 36. Rxb7
{[%clk 0:03:38]} Qxb7 {[%clk 0:13:04]} 37. Qxa5 {[%clk 0:04:07]} Ra8
{[%clk 0:04:34]} 38. Qd2 {[%clk 0:03:37]} Bf4 {[%clk 0:03:56]} 39. Qe1
{[%clk 0:01:50]} Bxe3 {[%clk 0:01:54]} 40. Qxe3 {[%clk 0:32:00]} Qg7
{[%clk 0:31:50]} 41. Qf4 {[%clk 0:27:58]} Qe5 {[%clk 0:20:41]} 42. Qxe5
{[%clk 0:27:21]} dxe5 {[%clk 0:21:09]} 43. Kh2 {[%clk 0:21:54]} Ra2
{[%clk 0:20:13]} 44. f3 {[%clk 0:21:27]} Kg7 {[%clk 0:19:46]} 45. Kh3
{[%clk 0:20:56]} Kf6 {[%clk 0:18:37]} 46. Bf1 {[%clk 0:19:50]} Kg5
{[%clk 0:18:34]} 47. Bc4 {[%clk 0:16:38]} Rf2 {[%clk 0:15:08]} 48. d6
{[%clk 0:16:25]} Rxf3+ {[%clk 0:15:35]} 49. Kg2 {[%clk 0:16:33]} Rf6
{[%clk 0:16:01]} 50. d7 {[%clk 0:16:58]} Rd6 {[%clk 0:16:30]} 51. Be6
{[%clk 0:17:22]} Rd2+ {[%clk 0:16:34]} 52. Kh3 {[%clk 0:17:30]} Rd3+
{[%clk 0:16:37]} 53. Kh2 {[%clk 0:17:25]} Rd2+ {[%clk 0:13:40]} 54. Kh3
{[%clk 0:17:39]} Rd6 {[%clk 0:14:08]} 55. Kh2 {[%clk 0:15:50]} Kf6
{[%clk 0:14:25]} 56. Bf5 {[%clk 0:16:05]} Rd3 {[%clk 0:14:38]} 57. g5+
{[%clk 0:10:37]} Kxg5 {[%clk 0:14:30]} 58. Be6 {[%clk 0:10:48]} Kf6
{[%clk 0:13:48]} 59. Bf5 {[%clk 0:10:53]} Ke7 {[%clk 0:11:43]} 60. Kg2
{[%clk 0:10:36]} Kd8 {[%clk 0:11:48]} 61. Kh2 {[%clk 0:11:00]} Rf3
{[%clk 0:12:00]} 62. Bg4 {[%clk 0:05:09]} Rf4 {[%clk 0:11:19]} 63. Kh3
{[%clk 0:04:40]} Rxe4 {[%clk 0:11:47]} 64. Kxh4 {[%clk 0:05:08]} Rf4
{[%clk 0:12:06]} 65. Kg5 {[%clk 0:03:49]} Ke7 {[%clk 0:11:40]} 66. Bf5
{[%clk 0:04:06]} Rf2 {[%clk 0:10:55]} 67. Kg4 {[%clk 0:03:34]} Rf4+
{[%clk 0:10:38]} 68. Kg5 {[%clk 0:04:01]} Kd8 {[%clk 0:11:00]} 69. Bg4
{[%clk 0:02:25]} Rf8 {[%clk 0:11:13]} 70. Bf5 {[%clk 0:01:54]} Ke7
{[%clk 0:11:37]} 71. Kg4 {[%clk 0:01:26]} Kd6 {[%clk 0:10:18]} 72. Kg5
{[%clk 0:01:45]} Kd5 {[%clk 0:10:25]} 73. Kg6 {[%clk 0:01:55]} e4
{[%clk 0:10:06]} 74. Kg7 {[%clk 0:01:57]} Rd8 {[%clk 0:09:44]} 75. Kf7
{[%clk 0:02:25]} e3 {[%clk 0:10:05]} 76. Ke7 {[%clk 0:02:19]} Rxd7+
{[%clk 0:10:05]} 0-1

[Event "European Youth Chess Championship B14"]
[Site "Prague, Top Hotel Prague"]
[Date "2012.08.22"]
[Round "6.8"]
[White "Foniak, Ivan"]
[Black "Bellahcene, Bilel"]
[Result "1/2-1/2"]
[WhiteElo "2067"]
[BlackElo "2390"]
[PlyCount "0"]
[EventDate "2012.08.17"]

1. e4 {[%clk 1:30:58]} c5 {[%clk 1:30:57]} 2. Nf3 {[%clk 1:30:49]} Nc6
{[%clk 1:31:25]} 3. d4 {[%clk 1:31:12]} cxd4 {[%clk 1:31:52]} 4. Nxd4
{[%clk 1:31:35]} Nf6 {[%clk 1:32:21]} 5. Nc3 {[%clk 1:31:57]} e6 {[%clk 1:32:49]}
6. Nxc6 {[%clk 1:32:02]} bxc6 {[%clk 1:33:17]} 7. e5 {[%clk 1:32:26]} Nd5
{[%clk 1:33:44]} 8. Ne4 {[%clk 1:32:50]} Qc7 {[%clk 1:33:48]} 9. f4
{[%clk 1:33:04]} Qb6 {[%clk 1:33:58]} 10. c4 {[%clk 1:33:17]} Bb4+
{[%clk 1:34:03]} 11. Ke2 {[%clk 1:33:34]} f5 {[%clk 1:32:35]} 12. exf6
{[%clk 1:33:55]} Nxf6 {[%clk 1:32:54]} 13. Be3 {[%clk 1:33:44]} Qa5
{[%clk 1:11:18]} 14. Nxf6+ {[%clk 1:28:18]} gxf6 {[%clk 1:11:46]} 15. a3
{[%clk 1:20:51]} Qh5+ {[%clk 1:10:22]} 16. Kf2 {[%clk 1:20:54]} Qxd1
{[%clk 1:10:49]} 17. Rxd1 Be7 {[%clk 1:11:09]} 18. c5 {[%clk 1:20:43]} a5
{[%clk 1:09:51]} 19. b3 {[%clk 1:13:20]} Ba6 {[%clk 1:08:41]} 20. Bxa6
{[%clk 1:12:22]} Rxa6 {[%clk 1:09:10]} 21. Rd3 {[%clk 1:12:40]} Ra7
{[%clk 1:08:46]} 22. Rhd1 {[%clk 1:11:23]} Rb7 {[%clk 1:07:49]} 23. Kf3
{[%clk 1:08:36]} h5 {[%clk 1:07:32]} 24. g3 {[%clk 0:53:46]} f5 {[%clk 1:04:21]}
25. h3 {[%clk 0:44:12]} Rh7 {[%clk 0:53:43]} 26. Rc1 {[%clk 0:27:14]} Bf6
{[%clk 0:50:34]} 27. Rc2 {[%clk 0:26:57]} Ke7 {[%clk 0:46:23]} 28. Bd2
{[%clk 0:24:46]} Ra7 {[%clk 0:44:54]} 29. Rc4 {[%clk 0:23:49]} Rh8
{[%clk 0:44:55]} 30. Ra4 {[%clk 0:22:33]} Rha8 {[%clk 0:45:14]} 31. g4
{[%clk 0:20:31]} hxg4+ {[%clk 0:31:43]} 32. hxg4 {[%clk 0:20:53]} fxg4+
{[%clk 0:31:22]} 33. Kxg4 {[%clk 0:21:15]} Bb2 {[%clk 0:31:44]} 34. Kf3
{[%clk 0:20:06]} Kf6 {[%clk 0:30:28]} 35. Ke4 {[%clk 0:20:10]} Kf7
{[%clk 0:28:25]} 36. f5 {[%clk 0:13:14]} Re8 {[%clk 0:14:43]} 37. Bf4
{[%clk 0:04:33]} Bf6 {[%clk 0:11:28]} 38. Rh3 {[%clk 0:03:34]} Bg7
{[%clk 0:08:15]} 39. Rh7 {[%clk 0:02:50]} Kg8 {[%clk 0:08:34]} 40. Rh3
{[%clk 0:32:46]} Kf7 {[%clk 0:39:00]} 41. b4 {[%clk 0:28:15]} Rea8
{[%clk 0:38:57]} 42. fxe6+ {[%clk 0:22:33]} Kxe6 {[%clk 0:38:04]} 43. Rg3
{[%clk 0:17:53]} Bb2 {[%clk 0:35:50]} 44. Rb3 {[%clk 0:15:36]} Bf6
{[%clk 0:30:00]} 45. b5 {[%clk 0:15:17]} cxb5 {[%clk 0:29:09]} 46. Rxb5
{[%clk 0:15:43]} Bd8 {[%clk 0:28:46]} 47. Rd4 {[%clk 0:13:07]} Bc7
{[%clk 0:26:56]} 48. Bxc7 {[%clk 0:09:00]} Rxc7 {[%clk 0:27:22]} 49. a4
{[%clk 0:09:14]} Ra6 {[%clk 0:27:22]} 50. Rd5 {[%clk 0:08:54]} d6
{[%clk 0:26:14]} 51. Rb6 {[%clk 0:04:16]} Rc6 {[%clk 0:25:25]} 52. Rxa6
{[%clk 0:03:03]} Rxa6 {[%clk 0:25:51]} 53. Rh5 {[%clk 0:03:07]} Rc6
{[%clk 0:26:13]} 54. Rh6+ {[%clk 0:02:53]} Kd7 {[%clk 0:25:09]} 55. Rh7+
{[%clk 0:03:03]} Ke6 {[%clk 0:25:33]} 1/2-1/2

[Event "European Youth Chess Championship B14"]
[Site "Prague, Top Hotel Prague"]
[Date "2012.08.22"]
[Round "6.9"]
[White "Plenca, Jadranko"]
[Black "Paravyan, David"]
[Result "1/2-1/2"]
[WhiteElo "2061"]
[BlackElo "2271"]
[PlyCount "0"]
[EventDate "2012.08.17"]

1. e4 {[%clk 1:30:56]} e5 {[%clk 1:31:25]} 2. Nf3 {[%clk 1:31:08]} Nc6 3. Bc4
{[%clk 1:31:10]} Nf6 {[%clk 1:31:51]} 4. d3 {[%clk 1:31:03]} Be7 {[%clk 1:32:16]}
5. O-O {[%clk 1:30:48]} O-O {[%clk 1:33:11]} 6. Re1 {[%clk 1:30:49]} d6 7. c3
{[%clk 1:30:22]} Na5 {[%clk 1:33:35]} 8. Bb5 a6 {[%clk 1:33:59]} 9. Ba4
{[%clk 1:30:22]} b5 {[%clk 1:34:24]} 10. Bc2 {[%clk 1:30:48]} c5 {[%clk 1:35:08]}
11. Nbd2 {[%clk 1:29:36]} Nc6 {[%clk 1:35:32]} 12. Nf1 {[%clk 1:29:05]} Re8
{[%clk 1:29:21]} 13. Bg5 {[%clk 1:26:48]} h6 {[%clk 0:59:55]} 14. Bh4
{[%clk 1:18:25]} Be6 {[%clk 0:56:44]} 15. Bg3 {[%clk 1:17:00]} Rc8
{[%clk 0:48:10]} 16. Ne3 {[%clk 1:07:44]} Qd7 {[%clk 0:40:37]} 17. a3
{[%clk 1:03:20]} a5 18. d4 cxd4 {[%clk 0:40:18]} 19. cxd4 {[%clk 1:03:44]} exd4
{[%clk 0:40:45]} 20. Nxd4 {[%clk 1:03:53]} Nxd4 {[%clk 0:41:10]} 21. Qxd4
{[%clk 0:58:44]} Nh5 22. Qd2 {[%clk 0:57:12]} Nxg3 {[%clk 0:35:35]} 23. hxg3
{[%clk 0:55:21]} Bf6 {[%clk 0:16:26]} 24. Bd3 {[%clk 0:53:23]} b4
{[%clk 0:16:48]} 25. axb4 {[%clk 0:51:07]} axb4 {[%clk 0:15:04]} 26. Rec1
{[%clk 0:49:27]} Rxc1+ {[%clk 0:14:08]} 27. Rxc1 {[%clk 0:46:04]} Qb7
{[%clk 0:11:18]} 28. Kh2 {[%clk 0:39:06]} Bd4 {[%clk 0:09:59]} 29. Nc4 Rd8 30.
Na5 {[%clk 0:35:11]} Qb6 {[%clk 0:10:17]} 31. Nc6 {[%clk 0:35:25]} Re8
{[%clk 0:11:00]} 32. Nxd4 {[%clk 0:34:14]} Qxd4 {[%clk 0:05:31]} 33. Qe2 Rc8 34.
Rxc8+ {[%clk 0:33:17]} Bxc8 {[%clk 0:05:56]} 35. Bc4 {[%clk 0:32:00]} Be6
{[%clk 0:05:33]} 36. Bxe6 {[%clk 0:25:48]} fxe6 {[%clk 0:04:26]} 37. Qc2 Qc5
{[%clk 0:03:14]} 38. Qd2 {[%clk 0:24:42]} Qh5+ {[%clk 0:03:41]} 39. Kg1
{[%clk 0:24:56]} Qc5 {[%clk 0:31:10]} 40. Kh2 {[%clk 0:54:12]} Kf7
{[%clk 0:29:28]} 41. Qf4+ {[%clk 0:53:01]} Ke7 42. Qd2 d5 {[%clk 0:18:05]} 43.
exd5 {[%clk 0:52:56]} exd5 {[%clk 0:13:18]} 44. Qe2+ {[%clk 0:48:57]} Kd6
{[%clk 0:02:32]} 45. Qe8 {[%clk 0:48:02]} Qc7 {[%clk 0:02:06]} 46. Qb5
{[%clk 0:47:32]} Qc4 47. Qe8 Qc7 {[%clk 0:02:09]} 48. Qb5 {[%clk 0:47:44]} Qc4
{[%clk 0:02:30]} 49. Qe8 {[%clk 0:47:35]} Kc5 {[%clk 0:01:32]} 50. Qf8+
{[%clk 0:46:03]} Kb5 {[%clk 0:00:55]} 51. Qxg7 {[%clk 0:44:58]} Ka4
{[%clk 0:00:32]} 52. f4 Qe4 53. Qd7+ {[%clk 0:44:26]} Kb3 {[%clk 0:00:57]} 54. f5
Qd4 1/2-1/2

[Event "European Youth Chess Championship B14"]
[Site "Prague, Top Hotel Prague"]
[Date "2012.08.22"]
[Round "6.11"]
[White "Huber, Martin Christian"]
[Black "Suarez Gomez, Julio"]
[Result "1-0"]
[WhiteElo "2185"]
[BlackElo "2057"]
[PlyCount "61"]
[EventDate "2012.08.17"]

1. d4 d5 2. c4 e6 3. Nc3 Nf6 4. cxd5 exd5 5. Bg5 Be7 6. e3 c6 7. Qc2 Nbd7 8.
Bd3 O-O 9. Nf3 Re8 10. h3 Nf8 11. Bf4 Ng6 12. Bh2 Bd6 13. Bxd6 Qxd6 14. O-O-O
Be6 15. Kb1 Rac8 16. Rc1 b5 17. g4 a6 18. Ng5 Bd7 19. Ne2 Qe7 20. Ng3 Nf8 21.
Rhe1 Nxg4 22. Bxh7+ Kh8 23. hxg4 Qxg5 24. Rh1 Re6 25. f4 Qd8 26. g5 Rxe3 27.
Qh2 Bh3 28. Qxh3 Rxg3 29. Qh5 g6 30. Bxg6+ Kg7 31. Qh6+ 1-0

[Event "European Youth Chess Championship B14"]
[Site "Prague, Top Hotel Prague"]
[Date "2012.08.22"]
[Round "6.13"]
[White "Popov, Andrey"]
[Black "Snihur, Piotr"]
[Result "0-1"]
[WhiteElo "2130"]
[BlackElo "2038"]
[PlyCount "74"]
[EventDate "2012.08.17"]

1. e4 c5 2. Nf3 d6 3. d4 cxd4 4. Nxd4 Nf6 5. Nc3 a6 6. h3 e6 7. g4 h6 8. Bg2
Nc6 9. Be3 Bd7 10. Qe2 Qc7 11. O-O-O b5 12. Nxc6 Bxc6 13. Nd5 exd5 14. exd5 Bb7
15. Bb6+ Qe7 16. Qd2 Qd7 17. f4 Be7 18. g5 Ng8 19. h4 Kf8 20. Bh3 Qe8 21. Rde1
Bc8 22. f5 hxg5 23. hxg5 Rxh3 24. Rxh3 Bxf5 25. Rc3 Rc8 26. Bd4 b4 27. Rxc8
Qxc8 28. c3 bxc3 29. Bxc3 f6 30. Qf2 fxg5 31. Rh1 Bf6 32. Qg3 Be5 33. Qe1 Qc4
34. Qf1 Bf4+ 35. Kd1 Qxd5+ 36. Ke1 Qe4+ 37. Kd1 Bg4+ 0-1